• 首页
  • 本馆介绍
  • 公告通知
  • 最新文献
  • 馆藏检索
  • 电子资源
  • 读者导购
  • 参考咨询
  • 我的图书馆
  • 登录
  • 详细信息显示
  • 放入我的书架
  • 预约/预借图书
  • 作者相关作品
  • 分类相关作品
  • 丛书相关作品
  • 出版社相关作品

书目信息

  • 表格格式
  • 工作单格式
  • 卡片格式
题名:
探索Nikon D700
    
 
作者: 格拉迪斯 著 ;陈思然 , 李达 译
分册:  
出版信息: 北京   人民邮电出版社  2009
页数: 261页
开本: 24cm
丛书名:
单 册:
中图分类: TB852.1
科图分类:
主题词: 数字照相机--单镜头反光照相机--基本知识 , 数字照相机 , 单镜头反光照相机
电子资源:
ISBN: 978-7-115-20020-4
000 01022nam0 2200277 45
005 20100303150359.21
010    @a978-7-115-20020-4@dCNY69.00
100    @a20091116d2009 ekmy0chiy0120 ea
101 1  @achi@cger
102    @aCN@b110000
105    @aa z 000yy
106    @ar
200 1  @a探索Nikon D700@ATan Suo Nikon D700@f(德)Michael Gradias著@F( De )Michael Gradias Zhu@g陈思然,李达译
210    @a北京@c人民邮电出版社@d2009
215    @a261页@c彩图,彩照@d24cm
305    @a德国Pearson Education集团公司授权出版
330    @a本书全面介绍了尼康全画幅数码单反相机D700的性能特性,并对相应功能的设置与参数含义进行了细致说明,指导读者掌握如何充分利用该相机进行摄影创作。
606 0  @a数字照相机@x单镜头反光照相机@x基本知识
606 0  @a数字照相机
606 0  @a单镜头反光照相机
690    @aTB852.1@v4
701  1 @a格拉迪斯@AGe La Di Si@g(Gradias, Michael)@4著
702  0 @a陈思然@AChen Si Ran@4译
702  0 @a李达@ALi Da@4译
801  0 @aCN@bTANGWEI@c20100303
905    @b0583640-44@dTB852.1@e144@f5
    
    探索Nikon D700/(德)Michael Gradias著/陈思然,李达译.-北京:人民邮电出版社,2009
    261页:彩图,彩照;24cm
    
    
    ISBN 978-7-115-20020-4:CNY69.00
    本书全面介绍了尼康全画幅数码单反相机D700的性能特性,并对相应功能的设置与参数含义进行了细致说明,指导读者掌握如何充分利用该相机进行摄影创作。
●
相关链接 在E读中查询图书 在五车中查询图书 在当当中查询图书 在豆瓣中查询图书


正题名:探索Nikon D700     索取号:TB852.1/144         预约/预借

序号 登录号 条形码 馆藏地/架位号 状态 备注
1 0583640   205836407   第二样本阅览室/ [索取号:TB852.1/144] 在馆    
2 0583641   205836416   第三借阅区/ [索取号:TB852.1/144] 在馆    
3 0583642   205836425   第三借阅区/ [索取号:TB852.1/144] 在馆    
4 0583643   205836434   第三借阅区/ [索取号:TB852.1/144] 在馆    
5 0583644   205836443   第三借阅区/ [索取号:TB852.1/144] 在馆    
欢迎您!
大连网信软件有限公司© 版权所有